00360nam a2200169Ia 45000030006000000050017000060080041000230400009000640410012000730820015000851000017001002450014001172600029001313000008001605050010001686500012001780Nust20170105110252.0161124s9999 xx 000 0 und d cIGIS aEnglish a823.8bELI aGeorge Eliot aAdam bede bnational book foundation a507 adrama ageneral